| 000 | 01382nam a2200241Ia 4500 | ||
|---|---|---|---|
| 003 | Ost | ||
| 005 | 20260507074911.0 | ||
| 008 | 260507s9999||||xx |||||||||||||| ||und|| | ||
| 040 | _cfsecg | ||
| 041 | _aara | ||
| 082 | _a658.4013 | ||
| 100 |
_aبيرس، دي بليو _eمؤلف |
||
| 245 | 0 |
_aالتقويم الإجتماعي للمشروعات : _bمرجع في تحليل الجدوى / _c دي بليو بيرس |
|
| 260 |
_aالرياض: _bدار المريخ للنشر, _c1994 |
||
| 300 |
_a346 صفحة؛ _bإيضاحات ؛ _c25 سم |
||
| 504 | _aببليوغرافيا: ص.347 | ||
| 520 | _aالأساس المنطقي لتحليل الجدوى، أسس الرفاهية في تحليل الجدوى، معايير الإستثمار في القطاع العام، المخاطرة وعدم التقين، تقويم التكاليف والمنافع عند تغير الأسعار، تسعير الظل، الأثار الخارجية والسلع العامة، سعر الخصم الإجتماعي، التقويم الإجتماعي للمشروعات في الدول النامية، التطبيق العملي لتحليل الجدوى | ||
| 653 | _aالمشروعات | ||
| 653 | _aتقييم الأداء | ||
| 700 |
_aالسباخي، محمد حمدي _eمؤلف ثانوي |
||
| 700 |
_aس.ايه.ناش _eمؤلف ثانوي |
||
| 942 | _cكتاب | ||
| 999 |
_c41737 _d41737 |
||